000 00475nam a22001817a 4500
003 LK-CoMWRAF
005 20230926232621.0
008 230926b |||||||| |||| 00| 0 eng d
020 _a0395984955
040 _aLK-CoMWRAF
_dLK-CoMWRAF
_eLK-CoMWRAF
041 _aeng
082 _a823
_bFIN
100 _aFinneran, Kathleen
245 _aThe Tender land :
_bA family love story
260 _aNew York :
_bKathleen finneran,
_c2000
650 _aEnglish Fiction
942 _cBK
999 _c3689
_d3689